[Event "Ste-Foy - Polgar"]
[Site "Ste-Foy CAN"]
[Date "2016.06.04"]
[Round "4"]
[White "Doyon, Stephane"]
[Black "Leblanc-Legault, Mathieu"]
[Result "0-1"]
[WhiteElo "1883"]
[BlackElo "1631"]
[PlyCount "66"]
[EventDate "2016.05.14"]
[EventType "swiss"]
[EventRounds "5"]
[EventCountry "CAN"]

1. e4 e6 2. d4 a6 3. Nd2 d5 4. Ngf3 c5 5. exd5 exd5 6. Be2 Nc6 7. dxc5 Bxc5 8.
O-O Nf6 9. Nb3 Bb6 10. Bg5 Be6 11. Nbd4 O-O 12. Nxc6 bxc6 13. Ne5 Qc7 14. Bxf6
gxf6 15. Ng4 Qf4 16. g3 Qg5 17. h4 Qg6 18. h5 Qg5 19. Kg2 Bxg4 20. Bxg4 f5 21.
Be2 f4 22. Kh3 Bxf2 23. Rg1 fxg3 24. Rg2 Rfe8 25. Bf3 Re3 26. Qd2 h6 27. Bg4 f5
28. Bd1 Re1 29. Qxg5+ hxg5 30. Rxg3 Bxg3 31. Kxg3 Rae8 32. c3 Rg1+ 33. Kf2 Ree1
0-1

[Event "Ste-Foy - Polgar"]
[Site "Ste-Foy CAN"]
[Date "2016.06.11"]
[Round "5"]
[White "Leblanc-Legault, Mathieu"]
[Black "L'Heureux, Clement"]
[Result "0-1"]
[WhiteElo "1631"]
[BlackElo "1932"]
[PlyCount "68"]
[EventDate "2016.05.14"]
[EventType "swiss"]
[EventRounds "5"]
[EventCountry "CAN"]

1. d4 Nf6 2. e3 c5 3. Nf3 e6 4. Be2 d5 5. O-O Bd6 6. c4 Nc6 7. a3 b6 8. Nc3 O-O
9. Qc2 Bb7 10. cxd5 exd5 11. Rd1 Re8 12. b3 Rc8 13. dxc5 bxc5 14. Bd3 Ne5 15.
Nxe5 Bxe5 16. Bf5 Rc7 17. Bb2 g6 18. Bh3 a6 19. Ne2 Qe7 20. Bxe5 Qxe5 21. Ng3
d4 22. exd4 cxd4 23. Qd2 Rc3 24. Re1 Qc5 25. Rxe8+ Nxe8 26. b4 Qc4 27. Rd1 d3
28. Re1 Nf6 29. Re3 Rxa3 30. Nf1 Ne4 31. Qb2 Qc2 32. Qxc2 dxc2 33. Re1 Nc3 34.
Ng3 Rb3 0-1

[Event "Ste-Foy - Tal"]
[Site "Ste-Foy CAN"]
[Date "2016.11.19"]
[Round "1"]
[White "Chouinard, Etienne"]
[Black "Jean, Martin"]
[Result "1-0"]
[WhiteElo "1880"]
[BlackElo "1592"]
[PlyCount "103"]
[EventDate "2016.11.19"]
[EventType "tourn"]
[EventRounds "5"]
[EventCountry "CAN"]

1. e4 c5 2. f4 Nc6 3. Nf3 g6 4. c3 Bg7 5. e5 Nh6 6. d4 cxd4 7. cxd4 d5 8. Bd2
Bg4 9. Bc3 Nf5 10. Bb5 O-O 11. Bxc6 bxc6 12. Qd3 Bxf3 13. Qxf3 Qb6 14. Qf2 Rac8
15. O-O Rfd8 16. g4 Nh6 17. h3 e6 18. Nd2 Bf8 19. a3 c5 20. Nf3 a6 21. Rac1 c4
22. Qd2 Rd7 23. Kh1 Kg7 24. Ba5 Qb5 25. a4 Qb8 26. Nh4 Rb7 27. Bc3 Rc6 28. f5
exf5 29. gxf5 Qc8 30. Qg2 Rcb6 31. Qxd5 Bb4 32. Qg2 Bxc3 33. bxc3 Rb2 34. Rc2
Rxc2 35. Qxc2 Qc6+ 36. Kh2 Rb3 37. fxg6 hxg6 38. Rf6 Qb7 39. Rxg6+ Kf8 40. Rg2
Qe7 41. Ng6+ fxg6 42. Qxg6 Qh4 43. Qg7+ Ke8 44. Qh8+ Ke7 45. Rg7+ Ke6 46. Qc8+
Kd5 47. Qa8+ Ke6 48. Qxa6+ Kf5 49. Qc8+ Kf4 50. Qf8+ Ke3 51. Rg3+ Kd2 52. Qf2+
1-0

[Event "Ste-Foy - Tal"]
[Site "Ste-Foy CAN"]
[Date "2016.11.19"]
[Round "1"]
[White "Leblanc-Legault, Mathieu"]
[Black "Lessard, Claude"]
[Result "0-1"]
[WhiteElo "1728"]
[BlackElo "2148"]
[PlyCount "108"]
[EventDate "2016.11.19"]
[EventType "tourn"]
[EventRounds "5"]
[EventCountry "CAN"]

1. d4 Nf6 2. Nf3 c5 3. e3 d5 4. b3 Nc6 5. Bb2 cxd4 6. exd4 Bg4 7. Nbd2 e6 8.
Be2 Bd6 9. O-O Bf4 10. Ne5 Bxe2 11. Qxe2 Qc7 12. Ndf3 O-O 13. c4 a5 14. Nxc6
Qxc6 15. Ne5 Qc7 16. g3 Bh6 17. Bc1 Bxc1 18. Rfxc1 Rfc8 19. f3 dxc4 20. Qxc4
Qd8 21. Qd3 Nd5 22. a3 Qg5 23. Rc2 Rxc2 24. Qxc2 Qe3+ 25. Kh1 f6 26. Nc4 Qxf3+
27. Kg1 b5 28. Rf1 Qc3 29. Qe4 Ra6 30. Rf3 Qc1+ 31. Rf1 Qg5 32. Nxa5 Qe3+ 33.
Qxe3 Nxe3 34. Rf3 Nf5 35. b4 Nxd4 36. Re3 e5 37. Kf2 Ra7 38. Rc3 Kf7 39. Ke3
Ke6 40. Rc8 Kf5 41. h3 h5 42. Rc1 g5 43. Rf1+ Ke6 44. Rc1 f5 45. Rc8 f4+ 46.
gxf4 gxf4+ 47. Kf2 Kf5 48. Rh8 Rc7 49. Rxh5+ Ke4 50. Rh8 Rc2+ 51. Ke1 Ke3 52.
Kd1 Rh2 53. Kc1 f3 54. Rf8 f2 0-1

[Event "Ste-Foy - Tal"]
[Site "Ste-Foy CAN"]
[Date "2016.11.19"]
[Round "1"]
[White "Nafii, Adil"]
[Black "Bahadi, Khalid"]
[Result "1/2-1/2"]
[WhiteElo "1593"]
[BlackElo "1884"]
[PlyCount "110"]
[EventDate "2016.11.19"]
[EventType "tourn"]
[EventRounds "5"]
[EventCountry "CAN"]

1. d4 d5 2. c4 c6 3. Nc3 Nf6 4. Nf3 e6 5. Bg5 Nbd7 6. e3 Qa5 7. c5 Ne4 8. Qc2
b6 9. cxb6 Bb4 10. Rc1 axb6 11. Bd3 Qxa2 12. Bxe4 dxe4 13. Nd2 Bxc3 14. Qxc3
O-O 15. O-O Ba6 16. Rfe1 Bd3 17. Be7 Rfc8 18. Ba3 c5 19. Nb3 b5 20. Ra1 b4 21.
Bxb4 cxb4 22. Qxc8+ Rxc8 23. Rxa2 Bc4 24. Ra7 Nb6 25. Rc1 h5 26. Nc5 Bd5 27. b3
f6 28. Rca1 e5 29. R1a6 exd4 30. exd4 Rb8 31. h3 f5 32. g3 h4 33. Kh2 g5 34.
Rc7 f4 35. Raa7 e3 36. fxe3 hxg3+ 37. Kg1 Re8 38. Re7 Rxe7 39. Rxe7 g4 40. hxg4
f3 41. e4 Bc6 42. Re6 Bb5 43. Rf6 Be2 44. g5 Nc8 45. Ne6 Nd6 46. g6 f2+ 47. Kg2
f1=Q+ 48. Rxf1 Bxf1+ 49. Kxf1 Nxe4 50. Kg2 Nd2 51. Nc5 Kg7 52. d5 Kxg6 53. d6
Kf6 54. d7 Ke7 55. Kxg3 Nxb3 1/2-1/2

[Event "Ste-Foy - Tal"]
[Site "Ste-Foy CAN"]
[Date "2016.11.19"]
[Round "1"]
[White "Oliver, Vance"]
[Black "Sarra-Bournet, Marc"]
[Result "0-1"]
[WhiteElo "1524"]
[BlackElo "1844"]
[PlyCount "58"]
[EventDate "2016.11.19"]
[EventType "tourn"]
[EventRounds "5"]
[EventCountry "CAN"]

1. Nf3 d5 2. g3 Nf6 3. Bg2 Nc6 4. d3 e5 5. Nbd2 Be7 6. O-O O-O 7. e4 Bg4 8. c3
Qd7 9. Qc2 Rad8 10. Re1 dxe4 11. dxe4 b5 12. Nf1 b4 13. Ne3 Bh5 14. Nf5 Bc5 15.
Bg5 Qe6 16. N3h4 h6 17. Be3 Bxe3 18. Nxe3 bxc3 19. bxc3 Rd7 20. Nhf5 g6 21. Bh3
Kh7 22. Kg2 g5 23. Ng7 Bf3+ 24. Kxf3 Qxh3 25. Ngf5 Rfd8 26. Qa4 g4+ 27. Nxg4
Nxg4 28. Qxc6 Nxh2+ 29. Ke2 Rd2+ 0-1

[Event "Ste-Foy - Tal"]
[Site "Ste-Foy CAN"]
[Date "2016.11.19"]
[Round "1"]
[White "Sauve, Richard"]
[Black "Labrecque, Rejean"]
[Result "1/2-1/2"]
[WhiteElo "1888"]
[BlackElo "1675"]
[PlyCount "76"]
[EventDate "2016.11.19"]
[EventType "tourn"]
[EventRounds "5"]
[EventCountry "CAN"]

1. d4 d5 2. c4 c6 3. e3 Nf6 4. Nc3 e6 5. Nf3 Bd6 6. Qc2 O-O 7. Bd3 Na6 8. a3
dxc4 9. Bxc4 Nc7 10. O-O Re8 11. e4 e5 12. dxe5 Bxe5 13. Nxe5 Rxe5 14. Bf4 Re7
15. Rad1 Rd7 16. Rxd7 Bxd7 17. Rd1 Qc8 18. e5 Nfd5 19. Bxd5 cxd5 20. Nxd5 Nxd5
21. Qxc8+ Rxc8 22. Rxd5 Be6 23. Rd4 Kf8 24. Kf1 h6 25. Ke1 Ke8 26. Bd2 Rc5 27.
f4 Rc2 28. Rb4 Bd5 29. g3 Kd7 30. Ke2 Rc4 31. Kd3 Rxb4 32. Bxb4 g6 33. Kd4 Ke6
34. Bc5 a6 35. a4 Bc6 36. a5 h5 37. Bb4 Bg2 38. Be1 Bf3 1/2-1/2

[Event "Ste-Foy - Tal"]
[Site "Ste-Foy CAN"]
[Date "2016.11.26"]
[Round "2"]
[White "Dube, Daniel"]
[Black "Sauve, Richard"]
[Result "1/2-1/2"]
[WhiteElo "1821"]
[BlackElo "1882"]
[PlyCount "66"]
[EventDate "2016.11.19"]
[EventType "tourn"]
[EventRounds "5"]
[EventCountry "CAN"]

1. d4 e6 2. c4 d5 3. Nc3 c6 4. e4 dxe4 5. Nxe4 Bb4+ 6. Bd2 Qxd4 7. Bxb4 Qxe4+
8. Be2 Na6 9. Bd6 Ne7 10. Qd2 f6 11. f3 Qg6 12. Bd3 Qf7 13. Ne2 O-O 14. Qc2 g6
15. h4 Rd8 16. Ba3 Nf5 17. Kf2 Nd4 18. Nxd4 Rxd4 19. Rad1 e5 20. Be2 Bf5 21.
Bd3 Bxd3 22. Rxd3 Rad8 23. Rhd1 c5 24. Rxd4 Rxd4 25. Rxd4 exd4 26. b3 Qe7 27.
Qd3 f5 28. Qxd4 Kf7 29. Qd5+ Kg7 30. Bb2+ Kf8 31. a3 Qxh4+ 32. Kg1 Qe1+ 33. Kh2
Qh4+ 1/2-1/2

[Event "Ste-Foy - Tal"]
[Site "Ste-Foy CAN"]
[Date "2016.11.26"]
[Round "2"]
[White "Lessard, Claude"]
[Black "Chouinard, Etienne"]
[Result "1-0"]
[WhiteElo "2119"]
[BlackElo "1860"]
[PlyCount "40"]
[EventDate "2016.11.19"]
[EventType "tourn"]
[EventRounds "5"]
[EventCountry "CAN"]

1. d4 d5 2. e4 e6 3. Be3 Nf6 4. e5 Nfd7 5. f4 c5 6. c3 Nc6 7. Nf3 Qb6 8. Qc1 f6
9. Bd3 cxd4 10. cxd4 Bb4+ 11. Nc3 Bxc3+ 12. bxc3 O-O 13. O-O fxe5 14. fxe5 Qd8
15. Ng5 Rxf1+ 16. Qxf1 Nf8 17. Qf7+ Kh8 18. Rf1 Bd7 19. Qh5 h6 20. Nf7+ Kg8 1-0

[Event "Ste-Foy - Tal"]
[Site "Ste-Foy CAN"]
[Date "2016.11.26"]
[Round "2"]
[White "Sarra-Bournet, Marc"]
[Black "Laflamme, Simon"]
[Result "0-1"]
[WhiteElo "1867"]
[BlackElo "1841"]
[PlyCount "120"]
[EventDate "2016.11.19"]
[EventType "tourn"]
[EventRounds "5"]
[EventCountry "CAN"]

1. e4 e5 2. Nf3 Nc6 3. Bb5 a6 4. Ba4 Nf6 5. O-O Be7 6. Re1 b5 7. Bb3 O-O 8. a4
Bb7 9. axb5 axb5 10. Rxa8 Qxa8 11. d3 d6 12. c3 b4 13. Nbd2 bxc3 14. bxc3 Na5
15. Bc2 c5 16. Nf1 Re8 17. Ng3 g6 18. h3 Bf8 19. Bg5 Bg7 20. Qd2 Nc6 21. Bh6
Ne7 22. Bxg7 Kxg7 23. Nh4 h6 24. f4 Nd7 25. f5 Nf6 26. fxg6 fxg6 27. Rf1 Rf8
28. Bd1 Bc6 29. Nxg6 Kxg6 30. Qf2 Kg7 31. Qe3 Nd7 32. Nh5+ Kh7 33. Bf3 Ng6 34.
Ng3 Nh4 35. Kh2 Rf4 36. Rf2 Nf6 37. Be2 Rxf2 38. Qxf2 Qd8 39. Nf1 Ng6 40. g3
Qf8 41. Ne3 Bd7 42. Kg2 Ng8 43. Nf5 N8e7 44. g4 Nxf5 45. exf5 Nf4+ 46. Kh2 Nxe2
47. Qxe2 Bc6 48. c4 Qe7 49. Qf2 e4 50. dxe4 Qe5+ 51. Kg1 Qxe4 52. Kh2 Qe5+ 53.
Kg1 Kg7 54. Qd2 Qg3+ 55. Kf1 Qxh3+ 56. Kf2 Qh2+ 57. Ke3 Qxd2+ 58. Kxd2 Bf3 59.
Ke3 Bxg4 60. Kf4 Be2 0-1

[Event "Ste-Foy - Tal"]
[Site "Ste-Foy CAN"]
[Date "2016.12.03"]
[Round "3"]
[White "Bahadi, Khalid"]
[Black "Desbiens, Raphael"]
[Result "1/2-1/2"]
[WhiteElo "1884"]
[BlackElo "1422"]
[PlyCount "130"]
[EventDate "2016.11.19"]
[EventType "tourn"]
[EventRounds "5"]
[EventCountry "CAN"]

1. e4 e5 2. Nf3 Nc6 3. Bc4 Nf6 4. O-O Nxe4 5. Bd5 Nf6 6. Bxc6 dxc6 7. Nxe5 Bd6
8. f4 O-O 9. d4 c5 10. c3 cxd4 11. cxd4 c5 12. Nc3 cxd4 13. Qxd4 Bxe5 14. Qxd8
Rxd8 15. fxe5 Ne8 16. Bg5 Rd3 17. Rad1 Rxd1 18. Rxd1 Be6 19. Nd5 f6 20. exf6
gxf6 21. Nxf6+ Nxf6 22. Bxf6 Kf7 23. Bc3 Rg8 24. a3 Re8 25. Rf1+ Ke7 26. Bb4+
Kd7 27. Rd1+ Kc7 28. Bd6+ Kc6 29. Bg3 Bd5 30. Rc1+ Kb5 31. b4 Ka4 32. Rc5 Bc6
33. Ra5+ Kb3 34. Rxa7 Re2 35. Bf2 Ra2 36. h3 Rxa3 37. Rxa3+ Kxa3 38. Bc5 Kb3
39. g4 Kc4 40. Kf2 Kd5 41. Ke3 Ke5 42. Bd4+ Ke6 43. Kf4 Kf7 44. Kg5 Kg8 45. Kh6
Bf3 46. Kg5 Bc6 47. h4 Be4 48. h5 Bd3 49. Kf4 Be2 50. Bc3 Kf7 51. Be1 Kg8 52.
Kg5 Bd3 53. Kh6 Be4 54. b5 Bd3 55. b6 Be4 56. Kg5 Bd5 57. Kh4 Be4 58. Kg3 Bd3
59. Kf3 Be4+ 60. Ke3 Bc2 61. Bc3 Bd1 62. Kf4 Bc2 63. Ke5 Bd3 64. Kf6 Be4 65. g5
Bd3 1/2-1/2

[Event "Ste-Foy - Tal"]
[Site "Ste-Foy CAN"]
[Date "2016.12.03"]
[Round "3"]
[White "Gaudreau, Eric"]
[Black "Sarra-Bournet, Marc"]
[Result "0-1"]
[WhiteElo "1686"]
[BlackElo "1867"]
[PlyCount "84"]
[EventDate "2016.11.19"]
[EventType "tourn"]
[EventRounds "5"]
[EventCountry "CAN"]

1. g3 d5 2. Nf3 Nc6 3. d4 Nf6 4. Bg2 e6 5. O-O Be7 6. b3 O-O 7. Bb2 Ne4 8. a3
f5 9. Nbd2 f4 10. Nxe4 dxe4 11. Ne1 Qd5 12. c4 Qf5 13. Qc2 fxg3 14. fxg3 Qh5
15. Rxf8+ Bxf8 16. Qxe4 Bd7 17. Nd3 Re8 18. Nf4 Qh6 19. d5 Bc5+ 20. Kh1 Nd8 21.
Rd1 Bd6 22. e3 Kh8 23. Qd3 e5 24. Ne6 Nxe6 25. dxe6 Bxe6 26. Qe4 Bc8 27. b4 b6
28. Rf1 a5 29. Bxe5 Qe6 30. Bxg7+ Kxg7 31. Qh4 axb4 32. Bd5 Qg6 33. Rf7+ Kh8
34. Rf6 Qb1+ 35. Kg2 Qc2+ 36. Rf2 Qc3 37. Rf7 Qc2+ 38. Rf2 Qg6 39. Rf6 Be7 40.
Be4 Bxf6 41. Bxg6 Bxh4 42. Bxe8 bxa3 0-1

[Event "Ste-Foy - Tal"]
[Site "Ste-Foy CAN"]
[Date "2016.12.03"]
[Round "3"]
[White "Laflamme, Simon"]
[Black "Lessard, Claude"]
[Result "0-1"]
[WhiteElo "1841"]
[BlackElo "2119"]
[PlyCount "94"]
[EventDate "2016.11.19"]
[EventType "tourn"]
[EventRounds "5"]
[EventCountry "CAN"]

1. d4 Nf6 2. Nc3 c5 3. d5 d6 4. e4 g6 5. Bg5 Bg7 6. Qd2 h6 7. Bh4 a6 8. f3 b5
9. Nh3 Nbd7 10. Be2 Nb6 11. Nf2 O-O 12. g4 Nfd7 13. Bg3 c4 14. h4 b4 15. Ncd1
c3 16. bxc3 Na4 17. Bf4 Kh7 18. cxb4 Bxa1 19. Bxh6 Rh8 20. h5 Kg8 21. hxg6 fxg6
22. c3 Qc7 23. Qg5 Bxc3+ 24. Kf1 Kf7 25. Qf4+ Ke8 26. Qg5 Ne5 27. f4 Bd2 28.
Nd3 Kd8 29. Nxe5 dxe5 30. Qxg6 Bxf4 31. Qg7 Re8 32. Bxf4 exf4 33. e5 f3 34.
Bxf3 Qc4+ 35. Kg2 Bb7 36. Ne3 Qxb4 37. Nf5 Nc3 38. Nd6 Bxd5 39. Bxd5 Nxd5 40.
Nf7+ Kc8 41. Rc1+ Kb8 42. Qh6 Qxg4+ 43. Kh1 Qf4 44. Rb1+ Ka7 45. Qc6 Rh8+ 46.
Nxh8 Rxh8+ 47. Kg1 Rg8+ 0-1

[Event "Ste-Foy - Tal"]
[Site "Ste-Foy CAN"]
[Date "2016.12.03"]
[Round "3"]
[White "Leblanc-Legault, Mathieu"]
[Black "Caron, Gabriel"]
[Result "1/2-1/2"]
[WhiteElo "1722"]
[BlackElo "1565"]
[PlyCount "126"]
[EventDate "2016.11.19"]
[EventType "tourn"]
[EventRounds "5"]
[EventCountry "CAN"]

1. Nf3 Nf6 2. d4 g6 3. c4 d5 4. Nc3 Bg7 5. cxd5 Nxd5 6. e4 Nxc3 7. bxc3 c5 8.
Be3 Qa5 9. Qd2 O-O 10. Be2 Nc6 11. Rc1 Rd8 12. d5 Qa4 13. Qc2 Qxc2 14. Rxc2 Ne5
15. Nxe5 Bxe5 16. Bxc5 e6 17. Bc4 b6 18. Bd4 Bxd4 19. cxd4 exd5 20. Bxd5 Rb8
21. Ke2 Ba6+ 22. Kd2 Rbc8 23. Rhc1 Rxc2+ 24. Rxc2 Rc8 25. Rxc8+ Bxc8 26. Kc3
Kf8 27. Kb4 a6 28. a4 Ke7 29. f4 f6 30. h3 h6 31. Bc6 Kd6 32. Be8 g5 33. fxg5
hxg5 34. Bh5 Bb7 35. Bf3 Ke6 36. Kc4 Ba8 37. g3 Bb7 38. h4 gxh4 39. gxh4 Kf7
40. Bh5+ Kg7 41. d5 Bc8 42. Be8 f5 43. e5 f4 44. Kd4 Bg4 45. d6 Kf8 46. d7 Ke7
47. Ke4 f3 48. Ke3 b5 49. axb5 axb5 50. d8=Q+ Kxd8 51. Bxb5 Ke7 52. Bc4 Bh5 53.
Bd5 Bg4 54. Bxf3 Bh3 55. Bd5 Kf8 56. Kf4 Kg7 57. Kg5 Kh8 58. Kf6 Bg4 59. Bf7
Bh3 60. e6 Bxe6 61. Kxe6 Kg7 62. h5 Kh8 63. Kf6 Kh7 1/2-1/2

[Event "Ste-Foy - Tal"]
[Site "Ste-Foy CAN"]
[Date "2016.12.03"]
[Round "3"]
[White "Sauve, Richard"]
[Black "Jean, Martin"]
[Result "1-0"]
[WhiteElo "1882"]
[BlackElo "1603"]
[PlyCount "99"]
[EventDate "2016.11.19"]
[EventType "tourn"]
[EventRounds "5"]
[EventCountry "CAN"]

1. d4 f5 2. g3 Nf6 3. Bg2 e6 4. Nf3 b6 5. Ne5 c6 6. O-O Bb7 7. c4 d6 8. Nd3 Be7
9. Nc3 O-O 10. Bf4 Qd7 11. Qc2 Na6 12. Rad1 c5 13. Bxb7 Qxb7 14. dxc5 bxc5 15.
Nb5 Ne8 16. a3 e5 17. Bc1 f4 18. Nc3 Nac7 19. gxf4 Qc8 20. f3 Rf6 21. Kh1 Rh6
22. f5 Rh5 23. e4 Bh4 24. Rg1 Qd8 25. Rg2 h6 26. Rdg1 Bg5 27. Bxg5 hxg5 28. Qd2
Nf6 29. Rxg5 Rh7 30. Qg2 Qf8 31. f4 exf4 32. Nxf4 Qf7 33. Ne6 Nce8 34. e5 Rb8
35. exf6 Qxf6 36. Rg6 Qe5 37. Ng5 Rh5 38. Nf3 Qxf5 39. Rxg7+ Kf8 40. Rg8+ Ke7
41. Rg5 Rxg5 42. Nxg5 Kd8 43. Re1 Ng7 44. Rf1 Qd7 45. Rf8+ Ne8 46. Nd5 Qa4 47.
Nf7+ Kd7 48. Qe2 Qb3 49. Rxe8 Qxb2 50. Qe7+ 1-0

[Event "Ste-Foy - Tal"]
[Site "Ste-Foy CAN"]
[Date "2016.12.10"]
[Round "4"]
[White "Doyon, Stephane"]
[Black "Desbiens, Raphael"]
[Result "0-1"]
[WhiteElo "1981"]
[BlackElo "1422"]
[PlyCount "80"]
[EventDate "2016.11.19"]
[EventType "tourn"]
[EventRounds "5"]
[EventCountry "CAN"]

1. e4 e5 2. Nf3 Nc6 3. d4 exd4 4. Nxd4 Bc5 5. Nxc6 Qf6 6. Qf3 dxc6 7. Nd2 Be6
8. Nb3 Bd6 9. Bd3 O-O-O 10. O-O Qh4 11. g3 Bg4 12. Qe3 Qh3 13. Re1 Kb8 14. Bd2
Nf6 15. Bc3 Be6 16. Bf1 Qh5 17. Be2 Ng4 18. Bxg4 Qxg4 19. e5 Be7 20. Nd4 Bd5
21. Ne2 Bc5 22. Bd4 Bxd4 23. Nxd4 h5 24. c3 h4 25. Qe2 Qh3 26. Qf1 hxg3 27.
Qxh3 gxf2+ 28. Kxf2 Rxh3 29. Kg1 c5 30. Nf5 Be6 31. Ne3 Rd2 32. Ng2 Rxb2 33.
Nf4 Rhxh2 34. Nxe6 fxe6 35. Rad1 Kc8 36. Rd3 Rbg2+ 37. Kf1 Rxa2 38. Kg1 Rag2+
39. Kf1 Rh1+ 40. Kxg2 Rxe1 0-1

[Event "Ste-Foy - Tal"]
[Site "Ste-Foy CAN"]
[Date "2016.12.10"]
[Round "4"]
[White "Dube, Daniel"]
[Black "Laflamme, Simon"]
[Result "0-1"]
[WhiteElo "1821"]
[BlackElo "1841"]
[PlyCount "108"]
[EventDate "2016.11.19"]
[EventType "tourn"]
[EventRounds "5"]
[EventCountry "CAN"]

1. e4 e5 2. Nf3 Nc6 3. Bb5 a6 4. Bxc6 dxc6 5. Nc3 Qd6 6. d4 exd4 7. Qxd4 Bg4 8.
Be3 Bxf3 9. gxf3 Qxd4 10. Bxd4 O-O-O 11. O-O-O Ne7 12. f4 b6 13. Rhg1 Rg8 14.
f5 c5 15. Be3 Rxd1+ 16. Kxd1 f6 17. Nd5 Nxd5 18. exd5 Kd7 19. c4 c6 20. dxc6+
Kxc6 21. h4 Kd6 22. Bf4+ Ke7 23. Re1+ Kf7 24. Re6 Be7 25. Rxb6 Rd8+ 26. Ke2 Rd4
27. Ke3 Rxc4 28. Rxa6 Rb4 29. Ra7 Ke8 30. Ra8+ Kf7 31. Rb8 Rxf4 32. Kxf4 Bd6+
33. Ke4 Bxb8 34. Kd5 Ba7 35. b3 g5 36. h5 c4 37. Kxc4 Bxf2 38. a4 g4 39. Kd3
Be1 40. Ke2 Ba5 41. Kf2 Ke7 42. Kg3 Kd6 43. Kxg4 Ke5 44. Kf3 Kxf5 45. Ke3 Ke5
46. Kd3 Kd5 47. Ke3 Ke5 48. Kd3 f5 49. Ke3 f4+ 50. Kf3 Kf5 51. Kg2 Kg4 52. h6
f3+ 53. Kf2 Kf4 54. Kf1 Ke3 0-1

[Event "Ste-Foy - Tal"]
[Site "Ste-Foy CAN"]
[Date "2016.12.10"]
[Round "4"]
[White "Jean, Martin"]
[Black "Bahadi, Khalid"]
[Result "0-1"]
[WhiteElo "1603"]
[BlackElo "1884"]
[PlyCount "74"]
[EventDate "2016.11.19"]
[EventType "tourn"]
[EventRounds "5"]
[EventCountry "CAN"]

1. f4 e5 2. fxe5 Nc6 3. Nf3 Bc5 4. e3 d5 5. exd6 Qxd6 6. Bb5 Bg4 7. Nc3 Nf6 8.
O-O O-O-O 9. Bxc6 Qxc6 10. a3 Bxe3+ 11. Kh1 Bc5 12. d3 Rhe8 13. Bg5 h6 14. Bxf6
gxf6 15. Qb1 Re3 16. Ne4 f5 17. Ned2 Re2 18. Re1 Rf2 19. Rf1 Rxg2 20. Kxg2 Rg8
21. Kh1 Bh3 22. Rg1 Bxg1 23. Qxg1 Rxg1+ 24. Rxg1 Qxc2 25. b3 Kd8 26. d4 Ke7 27.
Re1+ Kf6 28. Kg1 Bg4 29. Rf1 Bxf3 30. Nxf3 Qxb3 31. Nh4 Qd3 32. Nxf5 Qxf5 33.
Rxf5+ Kxf5 34. Kf2 Ke4 35. Kg3 f5 36. d5 Kxd5 37. Kf4 Ke6 0-1

[Event "Ste-Foy - Tal"]
[Site "Ste-Foy CAN"]
[Date "2016.12.10"]
[Round "4"]
[White "Lessard, Claude"]
[Black "Gingras, Philippe"]
[Result "1-0"]
[WhiteElo "2119"]
[BlackElo "1767"]
[PlyCount "107"]
[EventDate "2016.11.19"]
[EventType "tourn"]
[EventRounds "5"]
[EventCountry "CAN"]

1. d4 Nf6 2. Nf3 g6 3. g3 c5 4. dxc5 Na6 5. a3 Nxc5 6. Bg2 d5 7. c4 dxc4 8.
Qxd8+ Kxd8 9. O-O Nb3 10. Rd1+ Ke8 11. Nd4 Nxa1 12. Nb5 Bd7 13. Nc7+ Kd8 14.
Nxa8 Kc8 15. Bf4 Nh5 16. Be3 Bg7 17. Bxa7 Be6 18. Nc3 Bxc3 19. bxc3 Nb3 20.
Nb6+ Kc7 21. Na4 Nf6 22. Nc5 Nxc5 23. Bxc5 Re8 24. a4 Nd7 25. Bb4 Nb8 26. Rb1
Nc6 27. Bc5 Ra8 28. Bb6+ Kc8 29. Bxc6 bxc6 30. a5 f5 31. f3 Bd5 32. Kf2 e5 33.
f4 exf4 34. gxf4 Kd7 35. h4 c5 36. Rb5 Be4 37. Rxc5 Rc8 38. Rb5 Rc6 39. a6 Rc8
40. Bd4 Rg8 41. a7 h6 42. Rb8 Rc8 43. Ke3 h5 44. Be5 Bc6 45. Rb4 Be4 46. Bb8
Bh1 47. Kd4 Ba8 48. Rb6 Rc6 49. Rb4 Rc8 50. Rb5 Rc6 51. e3 Rc8 52. Rd5+ Ke6 53.
Rd6+ Kf7 54. Rd7+ 1-0

[Event "Ste-Foy - Tal"]
[Site "Ste-Foy CAN"]
[Date "2016.12.10"]
[Round "4"]
[White "Nafii, Adil"]
[Black "Sauve, Richard"]
[Result "0-1"]
[WhiteElo "1583"]
[BlackElo "1882"]
[PlyCount "142"]
[EventDate "2016.11.19"]
[EventType "tourn"]
[EventRounds "5"]
[EventCountry "CAN"]

1. d4 d5 2. c4 e6 3. Nc3 c6 4. Nf3 dxc4 5. a4 Bb4 6. e3 b5 7. axb5 cxb5 8. Bd2
Bxc3 9. Bxc3 Nf6 10. b3 O-O 11. bxc4 bxc4 12. Bxc4 Bb7 13. Ba5 Qc8 14. Bd3 Nc6
15. O-O Qd7 16. Qe2 Rfc8 17. Rfd1 h6 18. Be1 Qd5 19. Ba6 Rcb8 20. Rdc1 Ne4 21.
Bc4 Qh5 22. Bd3 Ng5 23. Nxg5 Qxg5 24. Be4 Nb4 25. Bxb7 Rxb7 26. Rcb1 Qe7 27.
Qb2 Rab8 28. Bxb4 Rxb4 29. Qc2 Rxb1+ 30. Rxb1 Rxb1+ 31. Qxb1 a5 32. Kf1 a4 33.
Ke2 Qg5 34. Qb8+ Kh7 35. Qe8 a3 36. Qa4 Qxg2 37. Qxa3 Qxh2 38. Qd3+ g6 39. e4
h5 40. d5 Qd6 41. Qf3 Qe7 42. Kf1 Kg8 43. Qd3 Qd6 44. Qc4 exd5 45. exd5 Kf8 46.
Qc8+ Ke7 47. Qc4 Kf6 48. f4 Kf5 49. Kg2 Kf6 50. Kf3 Ke7 51. Qe4+ Kf8 52. Kg2
Kg7 53. Qd4+ Kg8 54. Kf3 Qa3+ 55. Ke4 Qe7+ 56. Kf3 Qa3+ 57. Ke2 Qe7+ 58. Kd2 h4
59. d6 Qd7 60. Qe5 h3 61. Qe7 Qf5 62. d7 Qxf4+ 63. Kc3 Qc7+ 64. Kd4 Qa7+ 65.
Kc4 Qc7+ 66. Kd5 Qb7+ 67. Ke5 Qb2+ 68. Kd5 Qb7+ 69. Kd4 Qa7+ 70. Ke5 Qe3+ 71.
Kd6 Qa3+ 0-1

[Event "Ste-Foy - Tal"]
[Site "Ste-Foy CAN"]
[Date "2016.12.10"]
[Round "4"]
[White "Sarra-Bournet, Marc"]
[Black "Chouinard, Etienne"]
[Result "1-0"]
[WhiteElo "1867"]
[BlackElo "1860"]
[PlyCount "106"]
[EventDate "2016.11.19"]
[EventType "tourn"]
[EventRounds "5"]
[EventCountry "CAN"]

1. e4 e5 2. Nf3 Nc6 3. Bb5 Nf6 4. O-O Nxe4 5. Qe2 Nd6 6. Bxc6 dxc6 7. Nxe5 Be6
8. Re1 Qf6 9. d4 O-O-O 10. c3 h6 11. Nd2 Nf5 12. Ne4 Qh4 13. Nf3 Qh5 14. Bf4
Bd6 15. Be5 Rhg8 16. Rad1 Ne7 17. Ng3 Qg6 18. h3 Nd5 19. Qd2 Nb6 20. b3 Nd7 21.
Bxd6 cxd6 22. Nh4 Qf6 23. Re4 g5 24. Nh5 Qh8 25. Nf3 Nf6 26. Nxf6 Qxf6 27. Nh2
h5 28. Qe2 Qg6 29. Nf1 g4 30. h4 Qf6 31. g3 Bd5 32. Rf4 Qh8 33. Nd2 Rge8 34.
Qf1 Re7 35. c4 Bf3 36. Nxf3 gxf3 37. Rxf3 Rde8 38. Qh3+ Kc7 39. Qf5 Re1+ 40.
Rxe1 Rxe1+ 41. Kg2 Qxd4 42. Qxf7+ Kb6 43. b4 Qa1 44. c5+ dxc5 45. bxc5+ Kxc5
46. Qxh5+ Kd6 47. Rd3+ Kc7 48. Qa5+ b6 49. Qxa7+ Kc8 50. Qd7+ Kb8 51. Qxc6 Rg1+
52. Kf3 Rxg3+ 53. Kxg3 Qg7+ 1-0

[Event "Ste-Foy - Tal"]
[Site "Ste-Foy CAN"]
[Date "2016.12.17"]
[Round "5"]
[White "Bahadi, Khalid"]
[Black "Caron, Gabriel"]
[Result "1-0"]
[WhiteElo "1884"]
[BlackElo "1565"]
[PlyCount "85"]
[EventDate "2016.11.19"]
[EventType "tourn"]
[EventRounds "5"]
[EventCountry "CAN"]

1. e4 e5 2. Nf3 Nc6 3. Bc4 Bc5 4. c3 Nf6 5. O-O Nxe4 6. d4 exd4 7. cxd4 Bb6 8.
Re1 d5 9. Bxd5 Qxd5 10. Nc3 Qd8 11. Rxe4+ Kf8 12. d5 Ne7 13. Ne5 Bf5 14. Qf3 f6
15. Rf4 fxe5 16. Rxf5+ Nxf5 17. Ne4 Kg8 18. Qxf5 Qxd5 19. Bg5 Rf8 20. Qg4 h5
21. Qe2 Qe6 22. h4 g6 23. Rd1 Rh7 24. Kh2 Kh8 25. Qd3 a6 26. f3 Bd4 27. b4 Rd7
28. Qe2 Qf5 29. Qc4 Qf7 30. Bf6+ Kg8 31. Qc1 b6 32. Qg5 Re8 33. g4 Qh7 34. Rd2
Rf7 35. Rg2 Kf8 36. Qc1 hxg4 37. Rxg4 Qg8 38. Qh6+ Rg7 39. Rxg6 Qxa2+ 40. Kh3
Qe6+ 41. Rg4 Ree7 42. Bxg7+ Rxg7 43. Qxg7+ 1-0

[Event "Ste-Foy - Tal"]
[Site "Ste-Foy CAN"]
[Date "2016.12.17"]
[Round "5"]
[White "Desbiens, Raphael"]
[Black "Chouinard, Etienne"]
[Result "0-1"]
[WhiteElo "1422"]
[BlackElo "1860"]
[PlyCount "46"]
[EventDate "2016.11.19"]
[EventType "tourn"]
[EventRounds "5"]
[EventCountry "CAN"]

1. e4 e5 2. Nf3 Nc6 3. Bb5 Nf6 4. O-O Bc5 5. Nxe5 Bxf2+ 6. Rxf2 Nxe5 7. d4 c6
8. Nc3 Neg4 9. Rf4 cxb5 10. e5 Qb6 11. exf6 Nxf6 12. Qe2+ Qe6 13. Qxb5 O-O 14.
Bd2 a6 15. Qd3 b5 16. Rh4 Bb7 17. Rf1 g6 18. Bg5 Nh5 19. Rxh5 gxh5 20. Rf4 Qg6
21. Qg3 f5 22. Rh4 Rae8 23. Qf4 h6 0-1